000 00639nam a2200193 a 4500
005 20140311163005.0
008 050719s19uu xx 00 eng d
050 _aPN 1992.7
_b.D249 1993
100 _aDavid, M.J.R.
245 _aMahaweli community radio :
_ba field producer's notebook /
_cM.J.R. David.
260 _aLaguna, Philippines :
_bInstitute of Development COmmunication/U.P Los Banos,
_c1993.
300 _a26 p. :
_c23 cm.
521 _aMC
650 _aMahaweli Community Radio (Sri Lanka).
650 _aRadio Broadcasting
_xSri Lanka.
650 _aPublic Radio
_xSri Lanka.
942 _cBK
_2lcc
_kLOC
999 _c39308
_d39308